| 000 | 01325nam0a22003011 4500 | ||
|---|---|---|---|
| 001 | rc\4629781 | ||
| 005 | 20130416200355.3 | ||
| 021 |
_aRU _b[63-102940] |
||
| 035 | _a(NLR Aleph) 008678924 | ||
| 090 |
_a9166525 _c9166525 |
||
| 100 | _a20130416d19621963|||y0rusy50 ca | ||
| 101 | 0 | _arus | |
| 102 | _aRU | ||
| 105 | _ay z ||||| | ||
| 200 | 1 |
_aСепсис новорожденных детей _eУтв. 7/V 1962 г. |
|
| 210 |
_aКиев _cГосмедиздат УССР _d1962 [вып. дан. 1963] |
||
| 215 |
_a16 с. _d20 |
||
| 225 | 1 |
_aМинистерство здравоохранения УССР. Инструктивно-методическое письмо _fКиевский ордена Трудового Красного Знамени мед. ин-т им. акад. А.А. Богомольца |
|
| 300 | _aНа обороте тит. л. сост.: кандидаты мед. наук И.С. Дашко-Андреева, К.В. Ященко и М.В. Черток | ||
| 606 |
_aСепсис у новорожденных детей _2psbo |
||
| 702 | 1 |
_aЯщенко _bК. В. _4220 |
|
| 702 | 1 |
_aЧерток _bМ. В. _4220 |
|
| 702 | 1 |
_aДашко-Андреева _bИ. С. _4220 |
|
| 801 | 0 |
_aRU _bNLR _gpsbo |
|
| 801 | 1 |
_aRU _bELAR _2rusmarc |
|
| 852 |
_aNLR _j64-4/2007 |
||
| 942 | _cBOOK | ||
| 980 | _aNB | ||